International architecture yearbook. (Record no. 3048)

MARC details
000 -LEADER
fixed length control field 00935nam a22002895a 4500
003 - CONTROL NUMBER IDENTIFIER
control field EG-ScBUE
005 - DATE AND TIME OF LATEST TRANSACTION
control field 20221211110502.0
008 - FIXED-LENGTH DATA ELEMENTS--GENERAL INFORMATION
fixed length control field 150817s2000 vraa f 001 0 eng d
020 ## - INTERNATIONAL STANDARD BOOK NUMBER
International Standard Book Number 1875498273 (Set No.)
020 ## - INTERNATIONAL STANDARD BOOK NUMBER
International Standard Book Number 1864700661(v.6)
020 ## - INTERNATIONAL STANDARD BOOK NUMBER
International Standard Book Number 9781864700664
040 ## - CATALOGING SOURCE
Original cataloging agency EG-ScBUE
Language of cataloging eng
Description conventions rda
Transcribing agency EG-ScBUE
Modifying agency EG-ScBUE
082 04 - DEWEY DECIMAL CLASSIFICATION NUMBER
Classification number 724.605
Edition number 22
Item number INT
245 00 - TITLE STATEMENT
Title International architecture yearbook.
250 ## - EDITION STATEMENT
Edition statement Millennium edition.
264 #1 - PUBLICATION, DISTRIBUTION, ETC. (IMPRINT)
Place of publication, distribution, etc Mulgrave :
Name of publisher, distributor, etc Images Australia,
Date of publication, distribution, etc 2000.
300 ## - PHYSICAL DESCRIPTION
Extent 6 volumes :
Other physical details color illustrations ;
Dimensions 31 cm
500 ## - GENERAL NOTE
General note Includes index.<br/>
590 ## - LOCAL NOTE (RLIN)
Local note yassmeen ashraf
650 #7 - SUBJECT ADDED ENTRY--TOPICAL TERM
Topical term or geographic name as entry element Architecture, Modern
Chronological subdivision 20th century
Form subdivision Periodicals.
Source of heading or term BUEsh
650 #7 - SUBJECT ADDED ENTRY--TOPICAL TERM
Topical term or geographic name as entry element Architecture, Modern
Chronological subdivision 21st century
Form subdivision Periodicals.
Source of heading or term BUEsh
650 #7 - SUBJECT ADDED ENTRY--TOPICAL TERM
Topical term or geographic name as entry element Architectural design
General subdivision Periodicals.
Source of heading or term BUEsh
651 ## - SUBJECT ADDED ENTRY--GEOGRAPHIC NAME
Source of heading or term BUEsh
653 ## - INDEX TERM--UNCONTROLLED
Resource For college Engineering, General
Arrived date list August2015
655 ## - INDEX TERM--GENRE/FORM
Form subdivision Reading book
942 ## - ADDED ENTRY ELEMENTS (KOHA)
Koha item type Book - Borrowing
Call number prefix 724.605 INT
Source of classification or shelving scheme Dewey Decimal Classification
Holdings
Withdrawn status Lost status Source of classification or shelving scheme Damaged status Not for loan Home library Current library Shelving location Date acquired Source of acquisition Total Checkouts Full call number Barcode Date last seen Date checked out Koha item type
    Dewey Decimal Classification     Central Library Central Library Second Floor 18/03/2007 Purchase 3 724.605 INT 000001436 15/07/2025 24/04/2012 Book - Borrowing